| 000 | 00618nam a22002057a 4500 | ||
|---|---|---|---|
| 003 | OSt | ||
| 005 | 20230824080755.0 | ||
| 008 | 221006b |||||||| |||| 00| 0 eng d | ||
| 040 | _cBiblioteca Lado V | ||
| 082 |
_a708 _bY27a |
||
| 100 |
_9963 _aYard, Alice _eeditor |
||
| 245 |
_aArtzpub/ _bDraconian Switch/ |
||
| 260 |
_c2010 _bEVENT |
||
| 300 |
_c20x20cm _a25p. |
||
| 490 | _a15 | ||
| 650 |
_2Tesauro de Arte & Arquitectura _aARTE |
||
| 650 |
_2Tesauro de Arte & Arquitectura _aPERFORMANCE _9702 |
||
| 650 |
_2Tesauro de Arte & Arquitectura _aEXHIBICION _9703 |
||
| 942 |
_2ddc _c1 _h708 _iY27a _n0 |
||
| 999 |
_c4201 _d4201 |
||